| 000 | | | 05704cbm0a2200349#x 450 |
| 001 | | | ad9f94af-8041-4862-a4c1-798bdf12ea7d |
| 005 | | | 20250605100315.0 |
| 100 | ## | $a | 20250604j19431021k###0rusy50 ca |
| 101 | 0# | $a | rus |
| 102 | ## | $a | RU |
| 105 | ## | $a | y###z######## |
| 122 | 0# | $a | d19431021## |
| 200 | 1# | $a | Распоряжение ГКО СССР № 4374 с об изменении плана производства водомеров на заводе "Водоприбор" в Москве в 4 квартале 1943 г., с приложением ведомости материалов |
| | $j | 21 октября 1943 г. |
| 251 | ## | $c | Документ |
| 300 | ## | $a | Рассылочный и подлинный экземпляры |
| 461 | #0 | $1 | 2001 |
| | $a | Ф. 644 |
| | $1 | 251 |
| | $c | Фонд |
| | $1 | 852 |
| | $j | 644 |
| 462 | #0 | $1 | 2001 |
| | $a | Оп. 1 |
| | $1 | 251 |
| | $c | Опись |
| | $1 | 852 |
| | $j | 1 |
| 601 | 01 | $2 | nlr_sh |
| | $3 | RU\NLR\AUTH\661357733 |
| | $a | СССР |
| | $b | Государственный Комитет Обороны |
| | $x | История |
| | $j | Документы и материалы |
| 601 | 01 | $2 | prlib_sh |
| | $3 | LIBNET\UAF\0000117242 |
| | $a | "Завод Водоприбор", общество с ограниченной ответственностью |
| | $c | Малоярославец, город; Калужская область |
| | $x | История |
| | $j | Документы и материалы |
| 605 | ## | $2 | prlib_sh |
| | $3 | LIBNET\UAF\0000088514 |
| | $a | Вторая мировая война в архивных документах (Комплекс оцифрованных архивных документов, кино- и фотоматериалов) |
| | $l | коллекция |
| 605 | ## | $2 | acquisition_Prlib |
| | $3 | DITM\AF\0000002775 |
| | $a | Власть |
| | $l | коллекция |
| 606 | 1# | $2 | nlr_sh |
| | $3 | RU\NLR\AUTH\661280795 |
| | $a | Великая Отечественная война |
| | $z | 1941 - 1945 |
| | $x | Тыл(воен.) |
| | $j | Документы и материалы |
| 606 | 1# | $2 | nlr_sh |
| | $3 | RU\NLR\AUTH\661323374 |
| | $a | Промышленность |
| | $x | История |
| | $y | СССР |
| | $z | 1941 - 1945 |
| | $j | Документы и материалы |
| 606 | 1# | $2 | nlr_sh |
| | $3 | RU\NLR\AUTH\66202886 |
| | $a | Водомеры |
| | $j | Документы и материалы |
| 686 | ## | $a | 63.3(2)622,12ю1 |
| | $v | LBC/M |
| | $2 | rubbk |
| 686 | ## | $a | 65.03(2)622ю1 |
| | $v | LBC/M |
| | $2 | rubbk |
| 686 | ## | $a | 38.761г.ю1 |
| | $v | LBC/M |
| | $2 | rubbk |
| 801 | #0 | $a | RU |
| | $b | ПБ им. Б.Н. Ельцина |
| | $c | 20250604 |
| 801 | #1 | $a | RU |
| | $b | ПБ им. Б.Н. Ельцина |
| | $c | 20250604 |
| | $2 | rusmarc |
| 801 | #2 | $a | RU |
| | $b | ПБ им. Б.Н. Ельцина |
| | $c | 20250605 |
| | $2 | rusmarc |
| 850 | ## | $a | Российский государственный архив социально-политической истории |
| 852 | ## | $a | РГАСПИ |
| | $j | Д. 165. Л. 136-137; Оп. 2. Д. 232. Л. 134-136об. |
| 035 | ## | $a | LIBNET\0001477918 |
| 937 | ## | $d | 196768723 |
| | $h | Федеральное архивное агентство |
| 856 | 4# | $u | http://readingroom.main.prlib.ru/item.aspx?id_node=n196768723&mode=full |